'Pop' Foods Quiz Stats

 Plays Quiz Updated Jun 8, 2017

Support Sporcle.
Go Orange.
Score 0/14 Timer 03:00
4 Plays Today
% Correct
Pop-Tarts
97.1%
popcorn shrimp
94.1%
soda pop
93.2%
Ring Pop
91%
poppy seed
90.9%
Popsicle
90.4%
Corn Pops
90.4%
% Correct
Pop Rocks
90.2%
cake pop
87.6%
lollipop
84.8%
Blow Pop
84.4%
Tootsie Pop
84.1%
Jiffy Pop
79.2%
popover
78.3%

You're not logged in!

Compare scores with friends on all Sporcle quizzes.
OR
Log In
Forgot?

From the Vault

US Open Runner-Up (Men)

by OrtegaSB

One thing we miss about tennis in the '80s is the short shorts. Come on guys, don't be shy.
Remove Ads.
Support Sporcle.
Get the best of Sporcle when you Go Orange. This ad-free experience offers more features, more stats, and more fun while also helping to support Sporcle. Thank you for becoming a member.

Show Comments

Extras

Top Quizzes Today


Score Distribution

Your Account Isn't Verified!

In order to create a playlist on Sporcle, you need to verify the email address you used during registration. Go to your Sporcle Settings to finish the process.

Report this User

Report this user for behavior that violates our Community Guidelines.

Details: